00438pam a2200169 a 4500001000800000005001700008008004100025010001700066020002200083040001800105041000800123080001500131082001900146100000700165101000800172245008800180163299620180111041955.0960122s1997 enka 001 0 eng  a 96003664  a0521476585 (pbk.) aDLCcDLCdDLC aeng a428.24 SEA00a428.24 SEA2201 a46 aEDU10aReading, study skills, and writing : content focus, human behavior /cBernard Seal.